000 00481 a2200169 4500
003 OSt
005 20260323142154.0
008 260220b |||||||| |||| 00| 0 eng d
020 _a9789356967892
100 _aSethi, Deepak
_9213174
245 _aEssentials of Adult Medical Surgical Nursing-II
250 _ast Edition
260 _bJaypee Brothers Medical Publishers
_aNew Delhi
_c2024
300 _aXVI;282P.
651 _aMedical surgical Nursing
_9217211
942 _cBK
_2ddc
999 _c367844
_d367844